MARC details
| 000 -LEADER |
| campo de control de longitud fija |
02812cam a2200529 i 4500 |
| 001 - NÚMERO DE CONTROL |
| campo de control |
20884134 |
| 003 - IDENTIFICADOR DE NÚMERO DE CONTROL |
| campo de control |
BJBSDDR |
| 005 - FECHA Y HORA DE LA ÚLTIMA TRANSACCIÓN |
| campo de control |
20230411090901.0 |
| 006 - CÓDIGOS DE INFORMACIÓN DE LONGITUD FIJA--CARACTERÍSTICAS DEL MATERIAL ADICIONAL |
| campo de control de longitud fija |
a|||||r|||| 00| 0 |
| 007 - CAMPO FIJO DE DESCRIPCIÓN FÍSICA--INFORMACIÓN GENERAL |
| campo de control de longitud fija |
ta |
| 008 - DATOS DE LONGITUD FIJA--INFORMACIÓN GENERAL |
| campo de control de longitud fija |
190304s2020 nju b s001 0 eng c |
| 010 ## - NÚMERO DE CONTROL DE LA BIBLIOTECA DEL CONGRESO |
| Número de control de LC |
2019006067 |
| 020 ## - NÚMERO INTERNACIONAL ESTÁNDAR DEL LIBRO |
| Número Internacional Estándar del Libro |
9780813598918 (pbk. : alk. paper) |
| 020 ## - NÚMERO INTERNACIONAL ESTÁNDAR DEL LIBRO |
| Número Internacional Estándar del Libro |
0813598915 (pbk. : alk. paper) |
| 020 ## - NÚMERO INTERNACIONAL ESTÁNDAR DEL LIBRO |
| Número Internacional Estándar del Libro |
9780813598925 (hardcover : alk. paper) |
| 020 ## - NÚMERO INTERNACIONAL ESTÁNDAR DEL LIBRO |
| Número Internacional Estándar del Libro |
0813598923 (hardcover : alk. paper) |
| 020 ## - NÚMERO INTERNACIONAL ESTÁNDAR DEL LIBRO |
| Número Internacional Estándar del Libro |
9780813598949 |
| 040 ## - FUENTE DE CATALOGACIÓN |
| Centro catalogador/agencia de origen |
LBSOR/DLC |
| Lengua de catalogación |
eng |
| Centro/agencia transcriptor |
LBSOR |
| Normas de descripción |
rda |
| Centro/agencia modificador |
DLC |
| 041 ## - CÓDIGO DE IDIOMA |
| Código de lengua del texto/banda sonora o título independiente |
eng |
| 042 ## - CÓDIGO DE AUTENTICACIÓN |
| Código de autenticación |
pcc |
| 050 14 - SIGNATURA TOPOGRÁFICA DE LA BIBLIOTECA DEL CONGRESO |
| Número de clasificación |
U 310 |
| Número de ítem |
E11w 2020 |
| 082 00 - NÚMERO DE LA CLASIFICACIÓN DECIMAL DEWEY |
| Número de clasificación |
793.9/2 |
| 100 1# - ENTRADA PRINCIPAL--NOMBRE DE PERSONA |
| Nombre de persona |
Eagle, Jonna, |
| Fechas asociadas al nombre |
1968- |
| 9 (RLIN) |
26471 |
| 245 10 - MENCIÓN DEL TÍTULO |
| Título |
War games / |
| Mención de responsabilidad, etc. |
Jonna Eagle. |
| 264 #1 - PRODUCCIÓN, PUBLICACIÓN, DISTRIBUCIÓN, FABRICACIÓN Y COPYRIGHT |
| Producción, publicación, distribución, fabricación y copyright |
New Brunswick, New Jersey : |
| Nombre del de productor, editor, distribuidor, fabricante |
Rutgers University Press, |
| Fecha de producción, publicación, distribución, fabricación o copyright |
2020. |
| 300 ## - DESCRIPCIÓN FÍSICA |
| Extensión |
viii, 184 pages ; |
| Dimensiones |
18 cm. |
| 336 ## - TIPO DE CONTENIDO |
| Término de tipo de contenido |
text |
| Fuente |
rdacontent |
| 337 ## - TIPO DE MEDIO |
| Nombre/término del tipo de medio |
unmediated |
| Fuente |
rdamedia |
| 338 ## - TIPO DE SOPORTE |
| Nombre/término del tipo de soporte |
volume |
| Fuente |
rdacarrier |
| 490 0# - MENCIÓN DE SERIE |
| Mención de serie |
Quick takes : movies and popular culture |
| 504 ## - NOTA DE BIBLIOGRAFÍA, ETC. |
| Nota de bibliografía, etc. |
Includes bibliographical references (pages 161-174) and index. |
| 505 0# - NOTA DE CONTENIDO CON FORMATO |
| Nota de contenido con formato |
Live -- On screen -- Interactive. |
| 520 ## - RESUMEN, ETC. |
| Sumario, etc. |
"War Games surveys the contemporary terrain of simulated war experience and locates this experience within the broader history of war and media. Organized around three modes of war representation--live, screen-based, and interactive--this book provides an overview of the nature, function, and appeal of war games. The first chapter on live war games discusses activities such as chess, football, and battle re-enactments. The second chapter looks at the simulated, intense gaze via movies such as Saving Private Ryan, The Hurt Locker, and American Sniper. The final chapter considers the role of video games and other interactive technologies, such as Doom, Counter-Strike,Call of Duty, and other simulated war experiences via helmet cams and drone warfare. In approaching these conceptual categories, Jonna Eagle highlights key tensions in the relationship of media and war and allows for an emphasis on both the historical evolution of the simulated war experience and the continuity of issues and impulses across this evolution"-- |
| Fuente proveedora |
Provided by publisher. |
| 650 #0 - PUNTO DE ACCESO ADICIONAL DE MATERIA--TÉRMINO DE MATERIA |
| Término de materia o nombre geográfico como elemento de entrada |
War games. |
| 650 #4 - PUNTO DE ACCESO ADICIONAL DE MATERIA--TÉRMINO DE MATERIA |
| Término de materia o nombre geográfico como elemento de entrada |
Juegos de guerra |
| 9 (RLIN) |
26473 |
| 650 #0 - PUNTO DE ACCESO ADICIONAL DE MATERIA--TÉRMINO DE MATERIA |
| Término de materia o nombre geográfico como elemento de entrada |
War films. |
| 650 #4 - PUNTO DE ACCESO ADICIONAL DE MATERIA--TÉRMINO DE MATERIA |
| Término de materia o nombre geográfico como elemento de entrada |
Cine bélico |
| 9 (RLIN) |
26474 |
| 650 #0 - PUNTO DE ACCESO ADICIONAL DE MATERIA--TÉRMINO DE MATERIA |
| Término de materia o nombre geográfico como elemento de entrada |
Computer war games. |
| 650 #0 - PUNTO DE ACCESO ADICIONAL DE MATERIA--TÉRMINO DE MATERIA |
| Término de materia o nombre geográfico como elemento de entrada |
War in mass media |
| Subdivisión general |
History. |
| 650 #4 - PUNTO DE ACCESO ADICIONAL DE MATERIA--TÉRMINO DE MATERIA |
| Término de materia o nombre geográfico como elemento de entrada |
Guerra en los medios de comunicación de masas |
| 9 (RLIN) |
15788 |
| 650 #0 - PUNTO DE ACCESO ADICIONAL DE MATERIA--TÉRMINO DE MATERIA |
| Término de materia o nombre geográfico como elemento de entrada |
Mass media and war |
| Subdivisión general |
History. |
| 650 #4 - PUNTO DE ACCESO ADICIONAL DE MATERIA--TÉRMINO DE MATERIA |
| Término de materia o nombre geográfico como elemento de entrada |
Medios de comunicación de masas y guerra |
| 9 (RLIN) |
26475 |
| 830 #0 - PUNTO DE ACCESO ADICIONAL DE SERIE-TÍTULO UNIFORME |
| 9 (RLIN) |
26472 |
| Título uniforme |
Quick takes movies and popular culture |
| 906 ## - ELEMENTOS DE DATOS F LOCAL, LDF (RLIN) |
| a |
7 |
| b |
cbc |
| c |
orignew |
| d |
1 |
| e |
ecip |
| f |
20 |
| g |
y-gencatlg |
| 942 ## - ELEMENTOS DE ENTRADA SECUNDARIOS (KOHA) |
| Fuente del sistema de clasificación o colocación |
Clasificación de Library of Congress |
| Tipo de ítem Koha |
Libro |